00449 2200181 4500001002100000005001500021035002000036245003700056100000900093250000600102300003700108260005000145082001000195084001600205020001800221650001100239990001700250INLIS00000000000042120181024034505 a0010-10180001111 aBelajar Efektif Sempoa 1 /cSeno0 aSeno a- aiv, 66 hlm. :bilus. ;c14,8 cm. aJakarta :bPT Intimedia Ciptanusantara,c2008 a513.9 a513.9 SEN b a979-3432-69-1 aSempoa a01546/P/2018